Normal view
MARC view
- HOWARD, MICHELL
Entry Personal Name
001 - CONTROL NUMBER
- control field: 57401
003 - CONTROL NUMBER IDENTIFIER
- control field: NUST
005 - DATE AND TIME OF LATEST TRANSACTION
- control field: 20210628201921.0
008 - FIXED-LENGTH DATA ELEMENTS
- fixed length control field: 210628|| aca||aabn | a|a d
040 ## - CATALOGING SOURCE
- Original cataloging agency: NUST
- Transcribing agency: NUST
100 ## - HEADING--PERSONAL NAME
- Personal name: HOWARD, MICHELL
670 ## - SOURCE DATA FOUND
- Source citation: Work cat.: (NUST): HOWARD, MICHELL, THE FRANCE PURSSIAN WAR THE GERMAN INVASION OF FRANCE 1870-1871, 1962
